000 00598nam a22002057a 4500
005 20150311102436.0
010 _aENG-112171
020 _a9789351610328
_c700.00
020 _a9351610322
_c700.00
035 _aEN-95703
037 _bDBAD/PUB
082 _a658.1511
100 _aMaheshwari, S.N.
245 _aManagement accounting and financial control /
_cby S.N. Maheshwari
250 _a16th ed
260 _aNew Delhi
_bSultan Chand
_c2015
270 _a23, Daryaganj
_bNew Delhi
_e110002
300 _avarious pagings
_c25cm(pbk)
942 _2ddc
_cEN
_mMAH
_h658.1511
999 _c91406
_d91406